Ciencia, innovacion y desarrollo regional (memorias) / (Registro nro. 12543)
[ vista simple ]
| 000 -LEADER | |
|---|---|
| fixed length control field | 01368nam a2200277Ia 4500 |
| 003 - CONTROL NUMBER IDENTIFIER | |
| control field | OSt |
| 005 - DATE AND TIME OF LATEST TRANSACTION | |
| control field | 20210314165423.0 |
| 008 - FIXED-LENGTH DATA ELEMENTS--GENERAL INFORMATION | |
| fixed length control field | 210310s2000 ck gr 000 0 spa d |
| 020 ## - INTERNATIONAL STANDARD BOOK NUMBER | |
| International Standard Book Number | 9589037909 |
| 040 ## - CATALOGING SOURCE | |
| Original cataloging agency | CO-JMCR |
| Transcribing agency | CO-JMCR |
| 041 0# - LANGUAGE CODE | |
| Language code of text/sound track or separate title | spa |
| 082 04 - DEWEY DECIMAL CLASSIFICATION NUMBER | |
| Classification number | 303.483 / |
| Item number | S612c |
| Edition number | 21 |
| 111 12 - MAIN ENTRY--MEETING NAME | |
| Meeting name or jurisdiction name as entry element | Simposio Internacional Ciencia, Innovación y Desarrollo Regional |
| Date of meeting or treaty signing | (1998 : |
| Location of meeting | Bucaramanga) |
| 9 (RLIN) | 36063 |
| 245 10 - TITLE STATEMENT | |
| Title | Ciencia, innovacion y desarrollo regional (memorias) / |
| Statement of responsibility, etc. | Editores Juan Ricardo Morales E., Jesús Hernán Perdomo O. |
| 250 ## - EDITION STATEMENT | |
| Edition statement | Primera edición |
| 260 ## - PUBLICATION, DISTRIBUTION, ETC. | |
| Place of publication, distribution, etc. | Bucaramanga : |
| Name of publisher, distributor, etc. | Colciencias, |
| Date of publication, distribution, etc. | 2000 |
| 300 ## - PHYSICAL DESCRIPTION | |
| Extent | 465 páginas ; |
| Dimensions | 24 cm |
| 500 ## - GENERAL NOTE | |
| General note | A cabeza de título carátula: Comisiones Regionales de Ciencia y Tecnología, Sistema Nacional de Ciencia y Tecnología, Estrategia de Regionalización, Colciencias. |
| 505 0# - FORMATTED CONTENTS NOTE | |
| Formatted contents note | Instalación -- Ponencias magistrales -- Ponencias intenacionales -- Paneles -- Clausura -- Lista de participantes. |
| 650 14 - SUBJECT ADDED ENTRY--TOPICAL TERM | |
| Topical term or geographic name entry element | Desarrollo científico y tecnológico |
| 9 (RLIN) | 28525 |
| Geographic subdivision | Colombia |
| Form subdivision | Congresos, conferencias, etc. |
| 650 24 - SUBJECT ADDED ENTRY--TOPICAL TERM | |
| Topical term or geographic name entry element | Planificación regional |
| Geographic subdivision | Colombia |
| Form subdivision | Congresos, conferencias, etc. |
| 9 (RLIN) | 36064 |
| 700 1# - ADDED ENTRY--PERSONAL NAME | |
| Personal name | Morales Espinel, Juan Ricardo, |
| Relator term | editor |
| 9 (RLIN) | 36065 |
| 700 1# - ADDED ENTRY--PERSONAL NAME | |
| Personal name | Perdomo O., Jesús Hernán, |
| Relator term | editor |
| 9 (RLIN) | 36066 |
| 710 12 - ADDED ENTRY--CORPORATE NAME | |
| Corporate name or jurisdiction name as entry element | Colombia. |
| Subordinate unit | Sistema Nacional de Ciencia y Tecnología |
| 9 (RLIN) | 36067 |
| 942 ## - ADDED ENTRY ELEMENTS (KOHA) | |
| Source of classification or shelving scheme | Dewey Decimal Classification |
| Koha item type | Books |
| Withdrawn status | Lost status | Source of classification or shelving scheme | Damaged status | Not for loan | Home library | Current library | Date acquired | Source of acquisition | Total Checkouts | Full call number | Barcode | Date last seen | Copy number | Price effective from | Koha item type | Shelving location |
|---|---|---|---|---|---|---|---|---|---|---|---|---|---|---|---|---|
| Dewey Decimal Classification | Biblioteca Pública José María del Castillo y Rada | Biblioteca Pública José María del Castillo y Rada | 03/14/2021 | Donación | 303.483 / S612c | 201810714 | 05/16/2024 | Ej.1 | 03/14/2021 | Books | ||||||
| Dewey Decimal Classification | Biblioteca Pública José María del Castillo y Rada | Biblioteca Pública José María del Castillo y Rada | 03/14/2021 | Donación | 303.483 / S612c | 430004836 | 05/16/2024 | Ej.2 | 03/14/2021 | Books | General Stacks |